Un mensaje fraternal de los maestros de Managua (Record no. 72663)
[ view plain ]
| 000 -CABECERA | |
|---|---|
| campo de control de longitud fija | 00449nam a2200181 a 4500 |
| 005 - FECHA Y HORA DE LA ÚLTIMA TRANSACCIÓN | |
| campo de control | 20210219153253.0 |
| 008 - ELEMENTOS DE LONGITUD FIJA--INFORMACIÓN GENERAL | |
| campo de control de longitud fija | 991125n 000 0 u |
| 035 ## - NÚMERO DE CONTROL DEL SISTEMA | |
| Número de control de sistema | UPN01000087695 |
| 222 ## - TÍTULO CLAVE | |
| Título clave | EL MAESTRO RURAL |
| 245 ## - MENCIÓN DE TÍTULO | |
| Título | Un mensaje fraternal de los maestros de Managua |
| 300 ## - DESCRIPCIÓN FÍSICA | |
| Extensión | 13 |
| 362 ## - FECHAS DE PUBLICACIÓN Y/O DESIGNACIÓN SECUENCIAL | |
| Fecha de publicación y/o designación secuencial | 1936 Vol. 8, no. 3, feb. |
| 653 0# - TERMINO DE INDIZACION - NO CONTROLADO | |
| Término no controlado | MEXICO |
| 653 0# - TERMINO DE INDIZACION - NO CONTROLADO | |
| Término no controlado | MAESTROS |
| 653 0# - TERMINO DE INDIZACION - NO CONTROLADO | |
| Término no controlado | MANAGUA |
| 904 ## - ELEMENTOS DE DATOS D LOCAL, LDD (RLIN) | |
| a | AC |
| b | 025506 |
| 905 ## - TIPO DE MATERIAL | |
| Tipo de material | Articulo |
No items available.
